Patterns of landscape transformation in Colombia, with emphasis in the Andean Region (Registro nro. 13363)

Detalles MARC
000 -CABECERA
Campo de control 004520000a22001330004500
090 ## - CLASIFICACIÓN LOCAL
Colección AR
Consecutivo 04266
041 0# - IDIOMA
Código de idioma para texto/pista de sonido o título separado
100 1# - ASIENTO PRINCIPAL--NOMBRE PERSONAL
Nombre personal Etter, Andrés
245 10 - MENCION DE TITULO
Título Patterns of landscape transformation in Colombia, with emphasis in the Andean Region
500 ## - NOTA GENERAL
Nota general <Literatura de escarabajos coprófagos>
700 1# - ASIENTO SECUNDARIO - NOMBRE PERSONAL
Nombre personal Wyngaarden , Willem van
773 1# - Item fuente:
Título AMBIO
Datos de la serie a journal of the human environment
Descripción física 7
Paginas del Articulo 432-439
Lugar, editorial y fecha de publicación 2000?
Información sobre la relación 29
942 ## - ELEMENTOS ADICIONALES (KOHA)
Tipo de ítem Artículo
Existencias
Withdrawn status Lost status Damaged status No para préstamo Colección Ubicación Permanente Ubicación actual Fecha de adquisición Fuente de Valor Datos de publicación Seriada Total Checkouts Número topográfico Inventario / Código de Barras Date last seen Ejemplar Price effective from Forma de adquisición Tipo de material
      No para Préstamo Hemeroteca Bogotá Bogotá 17/11/2006 Trujillo, Diego Fuera de circulación   AR 04266 023709 25/03/2015 1 25/03/2015   Artículo